000 00509nam a22001817a 4500
005 20251108172853.0
008 250721s2004 xx 000 0 ara d
082 1 4 _aم/720/بهن
100 1 _aالبهنسي، عفيف
245 1 0 _aموسوعه التراث المعماري /
264 1 _aدمشق :
_bنبيل طعمه،
_c2004.
300 _a2ج.
650 1 7 _aالموسوعات
650 1 7 _aالتراث
650 1 7 _aالهندسة المعمارية
942 _2ddc
_cREF
999 _c90514
_d90514